000 00820cam a2200313 4500
008 090401t1994 xxu||||| |||| 00| 0 eng d
020 _a0273605542
035 _a(Sirsi) u77330
041 _aeng
050 _a332.1
100 _aBeecham, B. Julian
245 4 _aThe monetary and financial system.
250 _a3rd ed.
260 _aLondon
_bPitman Publishing
_c1994
300 _aiv,232p. ; 24cm.
350 _a20.99
650 _aBALANCE OF PAYMENTS
650 _aCORPORATE FINANCE
650 _aECONOMIC POLICY
650 _aEXCHANGE RATES
650 _aFINANCIAL INSTITUTIONS
650 _aFINANCIAL MARKETS
650 _aHOUSING MARKET
650 _aINTEREST RATES
650 _aMONEY SUPPLY
690 _aPROPERTY-PROPERTY FINANCE AND INVESTMENT
942 _n0
948 _c24/03/1997
999 _c96297
_d96297